Messages from the masters : (Record no. 780)

MARC details
000 -LEADER
fixed length control field 00676cam a2200241 a 4500
005 - DATE AND TIME OF LATEST TRANSACTION
control field 20260322212034.0
008 - FIXED-LENGTH DATA ELEMENTS--GENERAL INFORMATION
fixed length control field data
010 ## - LIBRARY OF CONGRESS CONTROL NUMBER
LC control number 99049043
020 ## - INTERNATIONAL STANDARD BOOK NUMBER
International Standard Book Number 0446676926
020 ## - INTERNATIONAL STANDARD BOOK NUMBER
International Standard Book Number 9780446676922
040 ## - CATALOGING SOURCE
Original cataloging agency DLC
Transcribing agency DLC
Modifying agency DLC
050 00 - LIBRARY OF CONGRESS CALL NUMBER
Classification number BF1045.L7
Item number W45 2000
082 00 - DEWEY DECIMAL CLASSIFICATION NUMBER
Classification number 131
Edition information 21
092 ## - LOCALLY ASSIGNED DEWEY CALL NUMBER (OCLC)
Classification number 131.21 W45 2000
001 - CONTROL NUMBER
control field data
100 1# - MAIN ENTRY--PERSONAL NAME
Personal name Weiss, Brian L.
Dates associated with a name 1944-
Fuller form of name (Brian Leslie),
245 10 - TITLE STATEMENT
Title Messages from the masters :
Remainder of title tapping into the power of love /
Statement of responsibility, etc. Brian L. Weiss.
260 ## - PUBLICATION, DISTRIBUTION, ETC.
Place of publication, distribution, etc. New York :
Name of publisher, distributor, etc. Warner Books,
Date of publication, distribution, etc. c2000.
300 ## - PHYSICAL DESCRIPTION
Extent 262 p. ;
Dimensions 22 cm.
650 #0 - SUBJECT ADDED ENTRY--TOPICAL TERM
Topical term or geographic name entry element Love
General subdivision Miscellanea.
650 #0 - SUBJECT ADDED ENTRY--TOPICAL TERM
Topical term or geographic name entry element Conduct of life
General subdivision Miscellanea.
650 #0 - SUBJECT ADDED ENTRY--TOPICAL TERM
Topical term or geographic name entry element Reincarnation therapy.
Holdings
Withdrawn status Lost status Damaged status Not for loan Home library Current library Shelving location Date acquired Total checkouts Full call number Barcode Date last seen Price effective from Koha item type
        Centerville Centerville General stacks 22/03/2026   131 21 BC0010802 22/03/2026 22/03/2026 Books